000 00920cam a22002651 4500
001 pa 67000006
003 DLC
005 20260227111857.0
008 920221s1966 dcua 000 0 spa
010 _apa 67000006
035 _a(OCoLC)25577119
040 _aDLC
_cNNC-L
_dOAkU
_dDLC
042 _apremarc
043 _acl-----
050 0 0 _aLA543
_b.C68
110 2 _aPan American Union.
_bDepartment of Educational Affairs.
245 1 0 _aCorrientes de la educación superior en América
_b[por Carlos Tünnermann Bernheim, et al.]
260 _aWashington,
_bDepartmento de Asuntes Educativos Unión Panamericana,
_c1966.
300 _avi, 122 p.
_billus.
_c28 cm.
440 0 _aCorrientes de la educación en América,
_v3
500 _aLast paper by R. C. Gibson in English.
650 0 _aEducation, Higher.
650 0 _aEducation, Higher
_zLatin America.
700 2 _aTünnermann Bernheim, Carlos,
_d1933-
999 _c51600
_d51600